OCULAR SURFACE DISEASE : CORNEA, CONJUNCTIVE AND TEAR FILM (Record no. 19692)

MARC details
000 -LEADER
fixed length control field 00381nam a22001577a 4500
003 - CONTROL NUMBER IDENTIFIER
control field SGT
020 ## - INTERNATIONAL STANDARD BOOK NUMBER
International Standard Book Number 978-1-4557-2876-3
082 ## - DEWEY DECIMAL CLASSIFICATION NUMBER
Classification number 617.7
Item number D13H
100 ## - MAIN ENTRY--PERSONAL NAME
Personal name HOLLAND, EDWARD J.
245 ## - TITLE STATEMENT
Title OCULAR SURFACE DISEASE : CORNEA, CONJUNCTIVE AND TEAR FILM
250 ## - EDITION STATEMENT
Edition statement 1ST
260 ## - PUBLICATION, DISTRIBUTION, ETC. (IMPRINT)
Place of publication, distribution, etc LONDON
Name of publisher, distributor, etc ELSEVIER
Year of Publication 2013
300 ## - PAGE DESCRIPTION
No. of Pages 452
650 ## - SUBJECT ADDED ENTRY--TOPICAL TERM
Topical term or geographic name as entry element OPHTHALMOLOGY
942 ## - ADDED ENTRY ELEMENTS (KOHA)
Source of classification or shelving scheme Dewey Decimal Classification
Koha item type Books
Holdings
Withdrawn status Lost status Source of classification or shelving scheme Damaged status Not for loan Collection code Home library Current library Shelving location Date acquired Vendor Name Cost, normal purchase price SGTU Bill Number Total Checkouts Full call number Accession No. (Barcode) Date last seen Bill Date Koha item type
    Dewey Decimal Classification   Not For Loan MEDICAL SGT Medical Library SGT Medical Library Reference Book 07/01/2020 ABC DELHI 0.00 SGTU 11626   617.7 D13H FM12104 07/01/2020 27/11/2019 Books